Giáo dục ý thức trách nhiệm cho học sinh THPT trong việc khắc phục những tàn dư của xã hội cũ trong thời kỳ quá độ lên chủ nghĩa xã hội
Giáo dục ý thức trách nhiệm cho học sinh THPT trong việc khắc phục những tàn dư của xã hội cũ trong thời kỳ quá độ lên chủ nghĩa xã hội
Sparad:
| Huvudupphovsman: | |
|---|---|
| Övriga upphovsmän: | |
| Materialtyp: | Bok |
| Språk: | Vietnamese |
| Publicerad: |
Đại học Đà Nẵng
Trường Đại học Sư Phạm
2011
|
| Serie: | Khóa luận tốt nghiệp Đại học. Chuyên ngành: Sư phạm giáo dục chính trị
|
| Ämnen: | |
| Taggar: |
Lägg till en tagg
Inga taggar, Lägg till första taggen!
|
| Thư viện lưu trữ: | Mạng thư viện Đại học Đà Nẵng |
|---|
| LEADER | 01721nam a2200385 4500 | ||
|---|---|---|---|
| 001 | 000011639 | ||
| 003 | 7898 | ||
| 005 | 20120208080220.0 | ||
| 008 | 120207s2011 viesd | ||
| 041 | |a vie | ||
| 072 | |a Khóa luận tốt nghiệp | ||
| 082 | |a 373.238 |b VO-H | ||
| 100 | |a Võ, Thị Huyền | ||
| 245 | |a Giáo dục ý thức trách nhiệm cho học sinh THPT trong việc khắc phục những tàn dư của xã hội cũ trong thời kỳ quá độ lên chủ nghĩa xã hội |c Võ, Thị Huyền | ||
| 260 | |a Đại học Đà Nẵng |b Trường Đại học Sư Phạm |c 2011 | ||
| 300 | |a 62 tr. |b Tóm tăt, CD, Phụ lục |c 29 cm | ||
| 490 | |a Khóa luận tốt nghiệp Đại học. Chuyên ngành: Sư phạm giáo dục chính trị | ||
| 500 | |a Tham khảo phụ lục trang 61 | ||
| 520 | |a Giáo dục ý thức trách nhiệm cho học sinh THPT trong việc khắc phục những tàn dư của xã hội cũ trong thời kỳ quá độ lên chủ nghĩa xã hội | ||
| 653 | |a xã hội cũ | ||
| 653 | |a Chủ nghĩa Xã hội | ||
| 653 | |a Khoa Giáo dục Chính trị | ||
| 653 | |a ý thức trách nhiệm | ||
| 653 | |a tàn dư | ||
| 700 | |a Nguyễn Hồng Cử |c TS |e Hướng dẫn | ||
| OWN | |a LSP | ||
| AVA | |a UDN50 |b LSP |d 373.238 VO-H |e available |t Error 5001 Not defined in file expand_doc_bib_avail. |f 1 |g 0 |h N |i 0 |k 1 | ||
| 999 | |a From the UDN01 | ||
| AVA | |a UDN50 |b LSP |d 373.238 VO-H |e available |t Error 5001 Not defined in file expand_doc_bib_avail. |f 1 |g 0 |h N |i 0 |k 1 | ||
| TYP | |a Monograph | ||
| TYP | |a Printed language | ||
| 980 | |a Mạng thư viện Đại học Đà Nẵng | ||